000 01136nam a2200277 i 4500
001 14613
003 ES-MaACL
005 20230906150840.0
007 t|
008 990503s1997 sp ||||1| spa d
020 _a84-7846-608-8
080 _a821.134.2 Unamuno, Miguel de (063)
111 2 _aColoquio internacional sobre el joven Unamuno en su época (
_d1995.
_cWürzburg)
_9106
245 1 3 _aEl joven Unamuno en su época :
_bactas del coloquio internacional, Würzburg 1995 : con textos inéditos de Unamuno /
_cTheodor Berchem, Hugo Laitenberger, coordinadores.
260 _a[Valladolid] :
_bConsejería de Eduación y Cultura,
_c[1997]
300 _a382 p. ;
_c25 cm.
490 1 _aEstudios de lengua y literatura
600 1 4 _aUnamuno, Miguel de,
_d1864-1936-
_vCongresos y asambleas
_9111983
700 1 _aBerchem, Theodor.
_927846
700 1 _aLaitenberger, Hugo.
_969706
700 1 _aUnamuno, Miguel de,
_d1864-1936
_9111982
710 1 _aCastilla y León.
_bConsejería de Educación y Cultura.
_92500
830 1 _aEstudios de lengua y literatura
_9179645
852 _aES-MaACL
_jL-21800
999 _c14613
_d14613